000 00684nam a22002177a 4500
003 BD-DhJNU
005 20250306062446.0
008 250306b |||||||| |||| 00| 0 eng d
020 _a9780340741309
020 _a9780340741317
040 _aBD-DhJNU
_bENG
_cBD-DhJNU
_dBD-DhJNU
082 _223
_a384 THI
100 _aThussu, Daya Kishan
245 _aInternational Communication :
_bContinuity and Changes /
_cDaya Kishan Thussu
260 _aLondon :
_bHodder Arnold,
_c2006.
300 _axxii, 336 p. :
_bill. ;
_c24 cm.
504 _aIncludes bibliographical references and index
650 _aMass media
650 _aCommunication, International
942 _2ddc
_cBK
_n0
999 _c1456
_d1456